000 00835nam a2200301Ia 4500
003 OSt
005 20220912145821.0
006 a|||||r|||| 00| 0
007 ta
008 220909b |||||||| |||| 00| 0 eng d
020 _a8170004233 (pbk)
024 _a81830
037 _b116, 19/09/2008, Dhanraj Book House
037 _cTextbook
040 _aCSL
_beng
_cCSL
041 _aeng
082 _a2:51N3, K0;7-;8
100 _aRanganathan S R
245 0 _aColan classification
250 _a6
260 _aBanglore
_bSarada Ranganathan Endowment
_c1960
300 _ap.
_ccm.
500 _aIndex 2.124-3.126p.
650 _a Classification
650 _aLibrary Science
942 _h2:51N3, K0;7-;8
_cTB
_2CC
999 _c38921
_d38921